000 00302nam a22001097a 4500
008 180215b xxu||||| |||| 00| 0 eng d
245 _aCatching up in the ASEAN agriculture.
260 _aPhilippines:
_bManila Bulletin,
_cc2016.
300 _apage B-7.
650 0 _926497
_aAgriculture.
942 _2ddc
_cPER
999 _c8644
_d8644